[Event "SC Falke Saerbeck 1 - TV Borken 1"]
[Site "Verbandsliga 2016/2017"]
[Date "2016.11.05"]
[Round "3.1"]
[White "Schroer, Klaus"]
[Black "Hegemann, Eike"]
[Result "1/2-1/2"]
[WhiteElo "2043"]
[BlackElo "1987"]
[PlyCount "108"]
[EventDate "2016.??.??"]
[SourceDate "2016.09.26"]

1. e4 c5 2. c3 d5 3. exd5 Qxd5 4. d4 cxd4 5. cxd4 Nc6 6. Nf3 Bg4 7. Nc3 Qa5 8.
d5 O-O-O 9. Bd2 Nb4 10. a3 Nxd5 11. Nxd5 Qxd5 12. Rc1+ Kb8 13. Bf4+ e5 14. Qxd5
Rxd5 15. Bc4 Rd8 16. Bxe5+ Ka8 17. Bxf7 Nh6 18. Ba2 Bd6 19. Bxg7 Rhe8+ 20. Kf1
Bf4 21. Re1 Nf5 22. Bc3 Rxe1+ 23. Nxe1 Bd2 24. h3 Bd1 25. Kg1 Bxc3 26. bxc3 Rd2
27. Bb1 Nd6 28. Bxh7 Nb5 29. h4 Nxc3 30. Rh3 Ne2+ 31. Kf1 Nf4 32. Re3 a5 33. g3
Be2+ 34. Kg1 Nh3+ 35. Kg2 Nxf2 36. Re8+ Ka7 37. Nf3 Rb2 38. Nd4 Bh5 39. Rf8
Ne4+ 40. Kh3 Nf2+ 41. Kg2 Ne4+ 42. Kg1 Nxg3 43. Rf2 Ne2+ 44. Nxe2 Rxe2 45. Rxe2
Bxe2 46. Bg6 b5 47. h5 Bxh5 48. Bxh5 b4 49. a4 b3 50. Kf2 Kb6 51. Ke3 b2 52.
Bg6 Kc5 53. Kd2 Kb4 54. Kc2 Kxa4 1/2-1/2

[Event "SC Falke Saerbeck 1 - TV Borken 1"]
[Site "Verbandsliga 2016/2017"]
[Date "2016.11.05"]
[Round "3.2"]
[White "Kipp, Lucas"]
[Black "Schulze-Schwering, Philipp"]
[Result "1-0"]
[WhiteElo "1892"]
[BlackElo "2039"]
[PlyCount "97"]
[EventDate "2016.??.??"]
[SourceDate "2016.09.26"]

1. e4 c6 2. d4 d5 3. exd5 cxd5 4. c4 Nf6 5. Nc3 e6 6. Nf3 Nc6 7. Bd3 Bb4 8. O-O
Qa5 9. Bg5 Bxc3 10. bxc3 Ne4 11. cxd5 Nxc3 12. Bd2 Nxd1 13. Bxa5 Nxa5 14. Rfxd1
exd5 15. Re1+ Kf8 16. Rac1 Nc6 17. Bb5 Bd7 18. Rc5 a6 19. Rxd5 Be6 20. Bxc6
bxc6 21. Ra5 Ke7 22. Ne5 Kd6 23. Rc1 Bd5 24. Rac5 Rhc8 25. a3 Rab8 26. Nd3 Rb5
27. Nb4 Rxc5 28. Rxc5 Re8 29. f3 Re2 30. Nxd5 cxd5 31. Ra5 Rd2 32. Rxa6+ Kd7
33. Ra4 h5 34. Rb4 Ra2 35. a4 Kc6 36. h4 g6 37. Kh2 Rc2 38. Kg3 Ra2 39. Kh3 Rc2
40. Kg3 Ra2 41. Kf4 Rxg2 42. a5 Ra2 43. Rb6+ Kd7 44. a6 Ke7 45. Ke5 f6+ 46.
Kxd5 Ra5+ 47. Kc6 g5 48. hxg5 Rxg5 49. Rb5 1-0

[Event "SC Falke Saerbeck 1 - TV Borken 1"]
[Site "Verbandsliga 2016/2017"]
[Date "2016.11.05"]
[Round "3.3"]
[White "Beckmann, David"]
[Black "Fischer, Andreas"]
[Result "1-0"]
[WhiteElo "1977"]
[BlackElo "1927"]
[PlyCount "67"]
[EventDate "2016.??.??"]
[SourceDate "2016.09.26"]

1. Nf3 d5 2. c4 c6 3. g3 g6 4. cxd5 cxd5 5. Bg2 Bg7 6. d4 Nf6 7. O-O O-O 8. b3
Nc6 9. Bb2 Bf5 10. Ne5 Rc8 11. Nxc6 Rxc6 12. Nc3 Qd7 13. Qd2 Bh3 14. Rac1 Bxg2
15. Kxg2 Rfc8 16. f3 Qf5 17. Ba3 Bf8 18. h3 Qd7 19. Na4 b6 20. Rxc6 Rxc6 21.
Rc1 Ne8 22. Rxc6 Qxc6 23. Nb2 e6 24. Bxf8 Kxf8 25. Nd3 Kg7 26. g4 h6 27. h4 Qc7
28. Ne5 f6 29. Nd3 g5 30. h5 Nd6 31. Qe3 Kf7 32. Nb4 a5 33. Qd3 axb4 34. Qh7+
1-0

[Event "SC Falke Saerbeck 1 - TV Borken 1"]
[Site "Verbandsliga 2016/2017"]
[Date "2016.11.05"]
[Round "3.4"]
[White "Hoge, Reinhard"]
[Black "Farwick, Christian"]
[Result "1-0"]
[WhiteElo "1898"]
[BlackElo "1795"]
[PlyCount "73"]
[EventDate "2016.??.??"]
[SourceDate "2016.09.26"]

1. c4 Nf6 2. g3 c5 3. Bg2 Nc6 4. Nc3 e6 5. e4 Be7 6. Nge2 d6 7. O-O Bd7 8. d3
O-O 9. h3 Nd4 10. Nxd4 cxd4 11. Ne2 e5 12. f4 b5 13. b3 bxc4 14. bxc4 Rb8 15.
f5 Qa5 16. a4 Rb7 17. g4 Rfb8 18. g5 Ne8 19. Bd2 Qd8 20. h4 Rb2 21. Ng3 R8b3
22. Bc1 Rb1 23. Rxb1 Rxb1 24. Qh5 g6 25. Qf3 f6 26. h5 gxf5 27. Nxf5 Bxf5 28.
Qxf5 Ng7 29. Qf3 f5 30. h6 Ne6 31. exf5 Nxg5 32. Qd5+ Kh8 33. c5 dxc5 34. Qxe5+
Bf6 35. Bxg5 Rb6 36. Bxf6+ Rxf6 37. Rb1 1-0

[Event "SC Falke Saerbeck 1 - TV Borken 1"]
[Site "Verbandsliga 2016/2017"]
[Date "2016.11.05"]
[Round "3.5"]
[White "Vijayakumaran, Vithoosan"]
[Black "Waltermann, Jens"]
[Result "1-0"]
[WhiteElo "1736"]
[BlackElo "1872"]
[PlyCount "95"]
[EventDate "2016.??.??"]
[SourceDate "2016.09.26"]

1. b3 c5 2. Nf3 Nc6 3. Bb2 d5 4. e3 a6 5. Be2 Bf5 6. Ne5 Nxe5 7. Bxe5 f6 8. Bg3
d4 9. Bf3 Qd7 10. e4 Bg6 11. h4 e5 12. h5 Bf7 13. Bg4 Qc6 14. d3 Nh6 15. Bh3
Bd6 16. Nd2 b5 17. a4 Ke7 18. O-O Qc7 19. Qe2 Rhe8 20. Bh4 Kf8 21. g4 Be6 22.
Qf3 Nf7 23. Kh2 h6 24. Rg1 Ng5 25. Bxg5 hxg5 26. Nf1 Kg8 27. Ng3 Qf7 28. Nf5
Bf8 29. Kg3 Rec8 30. Bf1 c4 31. bxc4 bxc4 32. Rh1 cxd3 33. Bxd3 Rc3 34. h6 g6
35. h7+ Kh8 36. Nh6 Bxh6 37. Rxh6 Rb8 38. Qh1 Bc4 39. Rb1 Rc8 40. Qf3 Bxd3 41.
cxd3 Kg7 42. h8=Q+ Rxh8 43. Rxh8 Kxh8 44. Qh1+ Kg7 45. Rb8 Qc7 46. Qh8+ Kf7 47.
Qe8+ Kg7 48. Qf8+ 1-0

[Event "SC Falke Saerbeck 1 - TV Borken 1"]
[Site "Verbandsliga 2016/2017"]
[Date "2016.11.05"]
[Round "3.7"]
[White "Rickert, Berthold"]
[Black "Bartsch, Rainer"]
[Result "1/2-1/2"]
[WhiteElo "1743"]
[BlackElo "1805"]
[PlyCount "83"]
[EventDate "2016.??.??"]
[SourceDate "2016.09.26"]

1. c4 f5 2. Nc3 Nf6 3. d4 e6 4. g3 d5 5. cxd5 exd5 6. Bg2 c6 7. Nf3 Ne4 8. a3
Nd7 9. O-O Bd6 10. Nd2 Ndf6 11. f3 Nxg3 12. hxg3 Bxg3 13. f4 Ng4 14. Nf3 Qd6
15. Qd3 Qh6 16. Bd2 Bh2+ 17. Kh1 Bg3+ 18. Kg1 Bh2+ 19. Kh1 Bxf4+ 20. Kg1 Bh2+
21. Kh1 Bf4+ 22. Kg1 Bxd2 23. Qxd2 f4 24. Nd1 O-O 25. Re1 Ne3 26. Nxe3 fxe3 27.
Qc3 Bf5 28. Ne5 Bh3 29. Rf1 Bxg2 30. Kxg2 Qg5+ 31. Kh3 Qh5+ 32. Kg3 Qg5+ 33.
Kh3 Rf4 34. Rxf4 Qxf4 35. Qe1 Qxd4 36. Qg3 Re8 37. Ng4 Rf8 38. Nh6+ Kh8 39. Rf1
Qc5 40. Nf7+ Kg8 41. Nh6+ Kh8 42. Nf7+ 1/2-1/2

[Event "SC Falke Saerbeck 1 - TV Borken 1"]
[Site "Verbandsliga 2016/2017"]
[Date "2016.11.05"]
[Round "3.8"]
[White "Bartsch, Jan"]
[Black "Klüppel, Ralf"]
[Result "0-1"]
[WhiteElo "1603"]
[BlackElo "1729"]
[PlyCount "90"]
[EventDate "2016.??.??"]
[SourceDate "2016.09.26"]

1. e4 c6 2. d4 d5 3. Nc3 dxe4 4. Nxe4 Bf5 5. Ng3 Bg6 6. h4 h6 7. Nf3 Nd7 8. h5
Bh7 9. Bd3 Bxd3 10. Qxd3 e6 11. Bd2 Ngf6 12. O-O-O Be7 13. Ne4 Rc8 14. Nxf6+
Bxf6 15. g4 Nb6 16. Ba5 Qd5 17. Bxb6 axb6 18. Qb3 Qxb3 19. axb3 Ke7 20. c3 Rhd8
21. Kc2 c5 22. dxc5 bxc5 23. Rd2 Rc7 24. Rhd1 Rcd7 25. Rxd7+ Rxd7 26. Rxd7+
Kxd7 27. Kd3 b5 28. Nd2 Be7 29. Ke4 Kd6 30. Nf1 Bf6 31. Ne3 Kc6 32. Nc2 Bh4 33.
f3 Bf2 34. b4 c4 35. Nd4+ Bxd4 36. Kxd4 Kd6 37. Ke4 e5 38. f4 exf4 39. Kxf4 Ke6
40. Ke4 g6 41. hxg6 fxg6 42. Kf4 Kf6 43. g5+ hxg5+ 44. Kg4 Kf7 45. Kxg5 Kg7 0-1

[Event "SF Telgte 1 - SF Beelen 1"]
[Site "Verbandsliga 2016/2017"]
[Date "2016.11.05"]
[Round "3.1"]
[White "Hofene, Dieter"]
[Black "Muth, Josef"]
[Result "1/2-1/2"]
[WhiteElo "1986"]
[BlackElo "1978"]
[PlyCount "79"]
[EventDate "2016.??.??"]
[SourceDate "2016.09.26"]

1. e4 c5 2. Nc3 g6 3. g3 Bg7 4. Bg2 Nc6 5. d3 d6 6. Be3 Nf6 7. h3 O-O 8. Qd2
Rb8 9. Bh6 Nd4 10. Bxg7 Kxg7 11. Nd1 Bd7 12. c3 Nc6 13. Ne2 b5 14. O-O b4 15.
f4 bxc3 16. bxc3 Qa5 17. Qc2 Qa3 18. Ne3 Na5 19. e5 Ne8 20. Rab1 Nc7 21. Qd2
Be6 22. c4 dxe5 23. fxe5 Rxb1 24. Rxb1 Rd8 25. Nf4 Bxc4 26. Nf5+ Kh8 27. Nxe7
Bxa2 28. Nfxg6+ fxg6 29. Qg5 Rf8 30. Rb8 Kg7 31. Rxf8 Kxf8 32. Qf6+ Bf7 33. Nc8
Ne8 34. Qe7+ Kg7 35. e6 Qa1+ 36. Kh2 Qf6 37. Qxf7+ Qxf7 38. exf7 Kxf7 39. Bd5+
Kf6 40. Nxa7 1/2-1/2

[Event "SF Telgte 1 - SF Beelen 1"]
[Site "Verbandsliga 2016/2017"]
[Date "2016.11.05"]
[Round "3.2"]
[White "Hackl-Sommer, René"]
[Black "Hanewinkel, Winfried"]
[Result "1/2-1/2"]
[WhiteElo "1986"]
[BlackElo "1901"]
[PlyCount "102"]
[EventDate "2016.??.??"]
[SourceDate "2016.09.26"]

1. e4 c5 2. Ne2 Nc6 3. g3 g6 4. Bg2 Bg7 5. O-O d6 6. d3 Rb8 7. Nbc3 b5 8. Nd5
e6 9. Ne3 Nge7 10. c3 O-O 11. d4 cxd4 12. cxd4 Qb6 13. d5 exd5 14. Nxd5 Nxd5
15. exd5 Nd4 16. Nf4 Qc7 17. Be4 Bf5 18. Be3 Nc2 19. Bxf5 Nxa1 20. Bd4 gxf5 21.
Bxg7 Kxg7 22. Qd4+ Kg8 23. Qf6 Qd8 24. Qxf5 Qe7 25. Rxa1 Qe5 26. Qd7 Rbc8 27.
Nd3 Qxd5 28. Nf4 Qe5 29. Rd1 Rfd8 30. Qg4+ Kh8 31. Qh4 d5 32. Rd2 d4 33. Re2
Qg7 34. Rc2 d3 35. Rxc8 Rxc8 36. Nxd3 Re8 37. Qf4 f6 38. h4 Rd8 39. Qe3 Qd7 40.
Nf4 Qb7 41. Qe2 Qc6 42. Kh2 Re8 43. Qd1 Qc5 44. Kg2 Qc4 45. b3 Qe4+ 46. Kh2 Qc6
47. Nh5 Qc5 48. Kg2 Qe5 49. Nf4 Qe4+ 50. Kh2 Qe1 51. Qd4 Qe7 1/2-1/2

[Event "SF Telgte 1 - SF Beelen 1"]
[Site "Verbandsliga 2016/2017"]
[Date "2016.11.05"]
[Round "3.3"]
[White "Henke, Wolfgang"]
[Black "Kuhlenbäumer, Willi"]
[Result "1/2-1/2"]
[WhiteElo "1784"]
[BlackElo "1932"]
[PlyCount "89"]
[EventDate "2016.??.??"]
[SourceDate "2016.09.26"]

1. e4 e6 2. d4 d5 3. Nc3 f5 4. exf5 exf5 5. Bf4 Nf6 6. Nf3 Be7 7. Bd3 O-O 8.
O-O c6 9. Ne5 Qb6 10. Ne2 Na6 11. c3 Nc7 12. Qc2 g6 13. Bh6 Re8 14. Nf4 Ne6 15.
Rfe1 Nxf4 16. Bxf4 c5 17. dxc5 Bxc5 18. Re2 Ne4 19. a4 a5 20. Bb5 Re7 21. Nd3
Bd7 22. Nxc5 Qxc5 23. Be3 Qd6 24. Bxd7 Rxd7 25. Bd4 Rf7 26. Rae1 Qd7 27. f3 Nf6
28. Re6 Nh5 29. Qe2 Qc7 30. Re8+ Rxe8 31. Qxe8+ Rf8 32. Qe6+ Qf7 33. Qe5 Nf6
34. Qd6 Qd7 35. Qxd7 Nxd7 36. Re7 Rf7 37. Re8+ Rf8 38. Re7 Rf7 39. Re6 Nf8 40.
Re5 Rd7 41. Kf2 Kf7 42. Bb6 Ne6 43. Bxa5 Nc5 44. Re2 Nxa4 45. Bb4 1/2-1/2

[Event "SF Telgte 1 - SF Beelen 1"]
[Site "Verbandsliga 2016/2017"]
[Date "2016.11.05"]
[Round "3.4"]
[White "Junker, Axel"]
[Black "Cigelski, Rudolf"]
[Result "0-1"]
[WhiteElo "1881"]
[BlackElo "1805"]
[PlyCount "76"]
[EventDate "2016.??.??"]
[SourceDate "2016.09.26"]

1. c4 Nc6 2. Nc3 e5 3. Nf3 Nf6 4. g3 d5 5. cxd5 Nxd5 6. d3 Bc5 7. Bg2 Nb6 8. a3
a5 9. Ne4 Be7 10. Be3 Nd5 11. Bc5 Be6 12. Rc1 f5 13. Bxe7 Ndxe7 14. Nc3 O-O 15.
Ng5 Qd7 16. Nxe6 Qxe6 17. Nb5 Rac8 18. O-O Rf6 19. Rc5 b6 20. Rc4 Qd7 21. Qb3
Kh8 22. Rfc1 Nd4 23. Nxd4 exd4 24. Bb7 c5 25. Bxc8 Nxc8 26. R4c2 f4 27. Kg2 Rh6
28. Rh1 Qh3+ 29. Kg1 fxg3 30. fxg3 Rf6 31. Rc1 Qf5 32. Kg2 Qf2+ 33. Kh3 Rh6+
34. Kg4 Qxe2+ 35. Kf4 Rf6+ 36. Kg5 Rg6+ 37. Kf4 Rg4+ 38. Kf5 Ne7# 0-1

[Event "SF Telgte 1 - SF Beelen 1"]
[Site "Verbandsliga 2016/2017"]
[Date "2016.11.05"]
[Round "3.5"]
[White "Hofene, Josef"]
[Black "Kuhlenbäumer, Alfred"]
[Result "1/2-1/2"]
[WhiteElo "1710"]
[BlackElo "1885"]
[PlyCount "59"]
[EventDate "2016.??.??"]
[SourceDate "2016.09.26"]

1. e4 e5 2. Nf3 Nf6 3. d4 exd4 4. e5 Ne4 5. Qxd4 f5 6. exf6 Nxf6 7. Nc3 Nc6 8.
Qd1 Bb4 9. Bd2 O-O 10. Be2 d5 11. O-O a6 12. a3 Bc5 13. h3 Bf5 14. Bf4 Qd7 15.
Ne5 Nxe5 16. Bxe5 Rad8 17. Bf3 c6 18. Qd2 Ne4 19. Bxe4 dxe4 20. Qxd7 Rxd7 21.
Rad1 e3 22. fxe3 Bxe3+ 23. Kh1 Rxd1 24. Nxd1 Bb6 25. c3 Rd8 26. Bf4 Bd3 27. Re1
Kf7 28. Bg3 Be2 29. Rxe2 Rxd1+ 30. Be1 1/2-1/2

[Event "SF Telgte 1 - SF Beelen 1"]
[Site "Verbandsliga 2016/2017"]
[Date "2016.11.05"]
[Round "3.6"]
[White "Esser, Peter"]
[Black "Schemmann, Bernhard"]
[Result "0-1"]
[WhiteElo "1758"]
[BlackElo "1853"]
[PlyCount "104"]
[EventDate "2016.??.??"]
[SourceDate "2016.09.26"]

1. d4 e6 2. c4 b6 3. Nf3 Bb7 4. Nc3 f5 5. g3 Nf6 6. Bg2 Bb4 7. O-O O-O 8. Qc2
Ne4 9. a3 Bxc3 10. bxc3 Qc8 11. Nd2 Nxd2 12. Bxd2 Bxg2 13. Kxg2 Qa6 14. Qb3 Nc6
15. Bf4 Qb7 16. Kg1 Na5 17. Qb5 d6 18. Rab1 Qc6 19. Qxc6 Nxc6 20. c5 e5 21.
dxe5 dxe5 22. Be3 f4 23. gxf4 exf4 24. Bd4 Rad8 25. Rbd1 Rf5 26. cxb6 axb6 27.
Kh1 Rfd5 28. Rde1 Nxd4 29. cxd4 Rxd4 30. e3 Re4 31. exf4 Rxf4 32. Re7 Rf7 33.
Rfe1 Kf8 34. R7e2 g6 35. Kg2 Rd3 36. Re8+ Kg7 37. R8e3 Rxe3 38. Rxe3 Kf8 39. f3
Re7 40. Rc3 c5 41. h4 Ke8 42. Kg3 Kd7 43. Kg4 Re5 44. f4 h5+ 45. Kf3 Re6 46. a4
Kc6 47. Rb3 c4 48. Rb5 Re1 49. Rg5 c3 50. Rxg6+ Kc5 51. Rg2 Kd4 52. Rg8 Rf1+
0-1

[Event "SF Telgte 1 - SF Beelen 1"]
[Site "Verbandsliga 2016/2017"]
[Date "2016.11.05"]
[Round "3.7"]
[White "Hanewinkel, Martin"]
[Black "Dieckmann, Werner"]
[Result "1/2-1/2"]
[WhiteElo "1804"]
[BlackElo "1785"]
[PlyCount "96"]
[EventDate "2016.??.??"]
[SourceDate "2016.09.26"]

1. d4 d5 2. Nf3 Nf6 3. Bf4 g6 4. c3 Bg7 5. e3 Nbd7 6. Nbd2 O-O 7. Bd3 c6 8. h3
Re8 9. O-O b6 10. Bh2 Bb7 11. e4 dxe4 12. Nxe4 Nxe4 13. Bxe4 Nf6 14. Bc2 Nd7
15. Re1 e6 16. Bb3 a6 17. Ne5 Nxe5 18. Bxe5 Bxe5 19. Rxe5 Qf6 20. Qe2 Red8 21.
Qe3 a5 22. a4 Ba6 23. g4 Rd6 24. f4 Rad8 25. f5 gxf5 26. gxf5 exf5 27. Re8+ Kg7
28. Kh2 f4 29. Rg1+ Kh6 30. Qe7 Rxe8 31. Qxe8 Rd8 32. Qe4 c5 33. Bc2 Rh8 34.
Rg4 Bc8 35. Rxf4 Qe6 36. Rh4+ Kg7 37. Rxh7+ Rxh7 38. Qxh7+ Kf8 39. Qh8+ Ke7 40.
Qe5 cxd4 41. cxd4 Qxe5+ 42. dxe5 Ke6 43. Bb3+ Kxe5 44. Bxf7 Bd7 45. b3 b5 46.
axb5 Bxb5 47. h4 a4 48. h5 Kf6 1/2-1/2

[Event "SF Telgte 1 - SF Beelen 1"]
[Site "Verbandsliga 2016/2017"]
[Date "2016.11.05"]
[Round "3.8"]
[White "Schenke, Conrad"]
[Black "Fartmann, Franz-Josef"]
[Result "0-1"]
[WhiteElo "1661"]
[BlackElo "1752"]
[PlyCount "48"]
[EventDate "2016.??.??"]
[SourceDate "2016.09.26"]

1. d4 Nf6 2. c4 g6 3. Nf3 Bg7 4. Nc3 O-O 5. g3 d6 6. Bg2 Nbd7 7. O-O c6 8. Qc2
Qc7 9. Bd2 a6 10. b4 e5 11. dxe5 dxe5 12. Rac1 Nb6 13. c5 Nbd5 14. Ne4 Nxe4 15.
Qxe4 f5 16. Qb1 e4 17. Ne1 Be6 18. Nc2 Rad8 19. Rfd1 Qf7 20. Na3 Nc7 21. Rc2
Nb5 22. Nxb5 axb5 23. Bc3 Bxa2 24. Qa1 Rxd1+ 0-1

[Event "SK Münster 4 - SV Heiden 1"]
[Site "Verbandsliga 2016/2017"]
[Date "2016.11.05"]
[Round "3.1"]
[White "Wienen, Hermann"]
[Black "Schulz, Stefan"]
[Result "1/2-1/2"]
[WhiteElo "1965"]
[BlackElo "1884"]
[PlyCount "94"]
[EventDate "2016.??.??"]
[SourceDate "2016.09.26"]

1. e4 c6 2. Nf3 d5 3. exd5 cxd5 4. Bb5+ Nc6 5. O-O Bg4 6. c3 Qc7 7. d4 Nf6 8.
Nbd2 e6 9. Re1 Bd6 10. h3 Bh5 11. Be2 Bxf3 12. Nxf3 O-O 13. Bd3 h6 14. Qe2 Rae8
15. Ne5 Ne7 16. Qf3 Ne4 17. Bxe4 dxe4 18. Qxe4 Bxe5 19. dxe5 Rd8 20. Be3 Rd7
21. Rad1 b6 22. Bd4 Rfd8 23. Rd3 Nf5 24. Red1 Qc4 25. b3 Qc7 26. g4 Nxd4 27.
Rxd4 Rxd4 28. Rxd4 Rxd4 29. Qxd4 Qc6 30. Qd8+ Kh7 31. Qd3+ g6 32. c4 Kg7 33.
Qe3 Qd7 34. c5 Qd1+ 35. Kh2 Qd5 36. cxb6 axb6 37. a4 Qa5 38. Qd4 Qe1 39. b4 Qe2
40. Kg2 Qa6 41. Kg3 Qxa4 42. Qxb6 Qb3+ 43. Kh2 Qf3 44. Qd4 Qe2 45. Qe3 Qc4 46.
Qc5 Qf4+ 47. Kg2 Qe4+ 1/2-1/2

[Event "SK Münster 4 - SV Heiden 1"]
[Site "Verbandsliga 2016/2017"]
[Date "2016.11.05"]
[Round "3.2"]
[White "Jansen, Dirk"]
[Black "Berger, Alfred"]
[Result "1/2-1/2"]
[WhiteElo "1894"]
[BlackElo "1956"]
[PlyCount "88"]
[EventDate "2016.??.??"]
[SourceDate "2016.09.26"]

1. c4 Nf6 2. Nc3 b6 3. e4 e5 4. g3 Bc5 5. Bg2 O-O 6. Nge2 Nc6 7. O-O d6 8. d3
h6 9. Be3 Bxe3 10. fxe3 Be6 11. Nd5 Nh7 12. Nec3 Nb8 13. Qd2 a5 14. Ne2 c6 15.
Ndc3 Nd7 16. b3 Ndf6 17. d4 Bg4 18. h3 Bd7 19. Rad1 Qe7 20. dxe5 dxe5 21. Qd6
Qxd6 22. Rxd6 b5 23. cxb5 cxb5 24. Nd5 Be6 25. Nc7 Ne8 26. Nxa8 Nxd6 27. Nc7
Rc8 28. Nxe6 fxe6 29. Rd1 Rc6 30. Nc1 Nf6 31. Nd3 Rc2 32. Ne1 Rc6 33. Nd3 Nd7
34. Rd2 Kf7 35. Kf2 Ke7 36. Ke2 g5 37. Bf3 b4 38. Ke1 Nb5 39. Nb2 Rc1+ 40. Kf2
Nd6 41. Nd3 Rc3 42. Ke2 Rc8 43. Kf2 Nf6 44. Rb2 Nd7 1/2-1/2

[Event "SK Münster 4 - SV Heiden 1"]
[Site "Verbandsliga 2016/2017"]
[Date "2016.11.05"]
[Round "3.3"]
[White "Ehrlich, Hans-Georg"]
[Black "Voß, Norbert"]
[Result "1/2-1/2"]
[WhiteElo "1818"]
[BlackElo "1823"]
[PlyCount "31"]
[EventDate "2016.??.??"]
[SourceDate "2016.09.26"]

1. b4 e5 2. Bb2 d6 3. e3 Be7 4. c4 Nf6 5. Nf3 O-O 6. Be2 c6 7. a4 a5 8. b5 h6
9. O-O Bg4 10. d3 Nbd7 11. Nbd2 Qc7 12. Re1 Rfe8 13. Qc2 Bf8 14. Rac1 Rac8 15.
Qb1 Qb8 16. Bc3 1/2-1/2

[Event "SK Münster 4 - SV Heiden 1"]
[Site "Verbandsliga 2016/2017"]
[Date "2016.11.05"]
[Round "3.4"]
[White "Schöpper, Oliver"]
[Black "Sicking, Norbert"]
[Result "1/2-1/2"]
[WhiteElo "1818"]
[BlackElo "1781"]
[PlyCount "100"]
[EventDate "2016.??.??"]
[SourceDate "2016.09.26"]

1. d4 Nf6 2. Nf3 g6 3. c4 d6 4. g3 Bg7 5. Bg2 O-O 6. Nc3 Nbd7 7. O-O e5 8. e4
c6 9. h3 Re8 10. Be3 Qc7 11. Re1 b6 12. Rc1 Bb7 13. b4 a5 14. b5 c5 15. d5 Rf8
16. a4 h6 17. Qd2 Kh7 18. Nh4 Ng8 19. f4 exf4 20. gxf4 Qd8 21. Nf3 f5 22. Bf2
Re8 23. exf5 gxf5 24. Rxe8 Qxe8 25. Re1 Qf8 26. Ne2 Re8 27. Ng3 Rxe1+ 28. Qxe1
Bc8 29. Nh4 Nb8 30. Bf1 Ne7 31. Bd3 Qf6 32. Nh5 Qf7 33. Qe2 Bf6 34. Nxf6+ Qxf6
35. Qh5 Qf8 36. Nf3 Kg8 37. Bh4 Kg7 38. Kh2 Ng6 39. Be1 Nxf4 40. Bc3+ Kg8 41.
Qh4 Nxd3 42. Qg3+ Kf7 43. Nh4 Ne5 44. Bxe5 dxe5 45. Qxe5 Nd7 46. Qe6+ Kg7 47.
Qg6+ Kh8 48. Qe6 Qf6 49. Qe8+ Nf8 50. Qxc8 Qe5+ 1/2-1/2

[Event "SK Münster 4 - SV Heiden 1"]
[Site "Verbandsliga 2016/2017"]
[Date "2016.11.05"]
[Round "3.5"]
[White "Vestrick, Frank"]
[Black "Voß, Andreas"]
[Result "0-1"]
[WhiteElo "1675"]
[BlackElo "1802"]
[PlyCount "82"]
[EventDate "2016.??.??"]
[SourceDate "2016.09.26"]

1. d4 f5 2. c4 Nf6 3. Nf3 e6 4. g3 d5 5. Bg2 c6 6. O-O Bd6 7. b3 Qe7 8. Bb2 O-O
9. e3 Ne4 10. Ne5 a5 11. Nd2 Nd7 12. Ndf3 g5 13. Nxd7 Bxd7 14. Ne5 Be8 15. Qe2
h5 16. f3 Nf6 17. h3 Qh7 18. Rae1 h4 19. g4 fxg4 20. fxg4 Ne4 21. Rxf8+ Bxf8
22. Qf1 Be7 23. Qe2 Ng3 24. Qd2 Bg6 25. Nxg6 Qxg6 26. Bc3 Bd8 27. Qf2 Bc7 28.
Qd2 b6 29. e4 Bf4 30. Qd3 a4 31. b4 Rf8 32. cxd5 exd5 33. b5 dxe4 34. Bxe4 Nxe4
35. Rxe4 cxb5 36. d5 Bd6 37. Bd4 Rf4 38. Qc3 Rxe4 39. Qc8+ Re8 40. Qc6 Qb1+ 41.
Kg2 Qe4+ 0-1

[Event "SK Münster 4 - SV Heiden 1"]
[Site "Verbandsliga 2016/2017"]
[Date "2016.11.05"]
[Round "3.6"]
[White "Börger, Andreas"]
[Black "Niewerth, Gerd"]
[Result "1/2-1/2"]
[WhiteElo "1782"]
[BlackElo "1766"]
[PlyCount "69"]
[EventDate "2016.??.??"]
[SourceDate "2016.09.26"]

1. c4 Nf6 2. Nc3 g6 3. e4 d6 4. Nf3 Bg7 5. Be2 O-O 6. O-O e5 7. d4 Nc6 8. dxe5
Nxe5 9. Nxe5 dxe5 10. Qc2 c6 11. Bg5 h6 12. Bh4 Qc7 13. Rad1 Be6 14. Rd2 Rad8
15. Rfd1 b6 16. b4 Rxd2 17. Qxd2 Kh7 18. a3 Rc8 19. f3 g5 20. Bg3 Nh5 21. Kf2
Bf6 22. Qd6 Nxg3 23. hxg3 Qxd6 24. Rxd6 Be7 25. Rd2 Kg7 26. Na4 Kf8 27. Ke3 Ke8
28. Rb2 Bd7 29. c5 b5 30. Nc3 a5 31. Bd3 axb4 32. axb4 Ra8 33. Ra2 Rxa2 34.
Nxa2 f6 35. Nc1 1/2-1/2

[Event "SK Münster 4 - SV Heiden 1"]
[Site "Verbandsliga 2016/2017"]
[Date "2016.11.05"]
[Round "3.7"]
[White "Kloster, Elisabeth"]
[Black "Sokolowski, Cyril"]
[Result "1-0"]
[WhiteElo "1709"]
[BlackElo "1760"]
[PlyCount "93"]
[EventDate "2016.??.??"]
[SourceDate "2016.09.26"]

1. e4 d5 2. exd5 Qxd5 3. Nc3 Qd8 4. d4 c6 5. Nf3 Bf5 6. Bd3 Bg6 7. O-O Nf6 8.
Bxg6 hxg6 9. Bg5 e6 10. Re1 Be7 11. Bxf6 gxf6 12. a3 Nd7 13. Qd3 Kf8 14. Rad1
Qa5 15. Ne4 Re8 16. c4 Nb6 17. b4 Qh5 18. h3 Kg7 19. Ng3 Qh6 20. Re4 f5 21. Re2
g5 22. Rde1 g4 23. Nh2 gxh3 24. Nxf5+ exf5 25. Rxe7 Rxe7 26. Rxe7 hxg2 27. Qg3+
Qg6 28. Qxg6+ Kxg6 29. Rxb7 Ra8 30. Kxg2 Nxc4 31. Nf3 f6 32. a4 a5 33. b5 cxb5
34. Rxb5 Nd6 35. Rd5 Ra6 36. Nd2 f4 37. Kf3 Nf5 38. Kxf4 Ne7 39. Rd7 Nc8 40.
Nc4 Na7 41. d5 Nc8 42. Rc7 Nb6 43. Nxb6 Rxb6 44. Rc4 Rb4 45. Rxb4 axb4 46. Ke3
Kf5 47. a5 1-0

[Event "SK Münster 4 - SV Heiden 1"]
[Site "Verbandsliga 2016/2017"]
[Date "2016.11.05"]
[Round "3.8"]
[White "Stumpe, Danny"]
[Black "Wienen, Josef"]
[Result "0-1"]
[WhiteElo "1700"]
[BlackElo "1617"]
[PlyCount "80"]
[EventDate "2016.??.??"]
[SourceDate "2016.09.26"]

1. e4 d5 2. exd5 Qxd5 3. Nc3 Qd8 4. Nf3 c5 5. Bb5+ Bd7 6. O-O e6 7. d4 Nf6 8.
Re1 Bxb5 9. Nxb5 a6 10. Nc3 cxd4 11. Nxd4 Be7 12. Bf4 O-O 13. Qd3 Nbd7 14. Rad1
Qa5 15. Qf3 Bb4 16. Nde2 e5 17. Bd2 Qc7 18. Ng3 Rae8 19. Nf5 e4 20. Qh3 g6 21.
Nh6+ Kg7 22. Ng4 Nxg4 23. Nd5 Qxh2+ 24. Qxh2 Nxh2 25. Bxb4 Ng4 26. Bxf8+ Nxf8
27. f3 Nf6 28. Nxf6 Kxf6 29. Rd4 Rc8 30. Re2 exf3 31. Rf4+ Kg5 32. Rxf3 Rc7 33.
Ref2 f5 34. Re3 h5 35. Re8 Nh7 36. Rfe2 Nf6 37. R8e7 Rc6 38. Rxb7 Rd6 39. Rb3
Rd1+ 40. Kf2 Ng4+ 0-1

[Event "SG Ahaus-Wessum 1 - SF Stadtlohn 1"]
[Site "Verbandsliga 2016/2017"]
[Date "2016.11.12"]
[Round "3.1"]
[White "Mullink, Jochem"]
[Black "Schulze Ameling, Hendrik"]
[Result "1-0"]
[WhiteElo "2038"]
[BlackElo "1994"]
[PlyCount "61"]
[EventDate "2016.??.??"]
[SourceDate "2016.09.26"]

1. Nf3 f5 2. d3 Nf6 3. e4 d6 4. Nc3 e5 5. exf5 Bxf5 6. d4 Nbd7 7. h3 Qe7 8. Be2
O-O-O 9. O-O g5 10. Bxg5 Qg7 11. Kh1 Be7 12. Qd2 Rhg8 13. Rg1 h6 14. Be3 e4 15.
Nh2 h5 16. Nb5 a6 17. Nxc7 Nb8 18. Na8 b5 19. Nb6+ Kb7 20. d5 Ng4 21. hxg4 hxg4
22. g3 Rh8 23. Rg2 Rh3 24. Bxb5 Rdh8 25. Bc6+ Nxc6 26. dxc6+ Kxc6 27. Qd5+ Kc7
28. Qxf5 Qxb2 29. Qd7+ Kb8 30. Rc1 Qg7 31. Qc6 1-0

[Event "SG Ahaus-Wessum 1 - SF Stadtlohn 1"]
[Site "Verbandsliga 2016/2017"]
[Date "2016.11.12"]
[Round "3.2"]
[White "Rosing, Hermann"]
[Black "Lösing, Henrik"]
[Result "1-0"]
[WhiteElo "1943"]
[BlackElo "1908"]
[PlyCount "79"]
[EventDate "2016.??.??"]
[SourceDate "2016.09.26"]

1. f4 d6 2. Nf3 Bg4 3. e3 Nd7 4. h3 Bxf3 5. Qxf3 c6 6. Be2 e5 7. O-O Ngf6 8.
Nc3 d5 9. d3 Qc7 10. e4 dxe4 11. Nxe4 O-O-O 12. f5 Nxe4 13. dxe4 Bc5+ 14. Kh1
h5 15. Bc4 Nf6 16. Be3 Bxe3 17. Qxe3 Rd4 18. Bd3 Rhd8 19. Rae1 c5 20. b3 Qc6
21. a4 h4 22. Qf3 Rh8 23. c3 Rxd3 24. Qxd3 Nh5 25. Rf3 Rd8 26. Qc4 Ng3+ 27. Kh2
Qh6 28. Qxc5+ Kb8 29. Qxe5+ Ka8 30. Rd1 Rb8 31. Rxg3 hxg3+ 32. Qxg3 Qc6 33. Rd5
g6 34. fxg6 fxg6 35. c4 a6 36. e5 Re8 37. Qd3 Qe6 38. Rd8+ Rxd8 39. Qxd8+ Ka7
40. Qd6 1-0